000 01516nam0a2200361 4500
001 RU\NLR\BIBL_A\011742321
005 20180712112839.0
010 _a978-5-9268-2818-1
_95000
021 _aRU
_bКН-П-18-040171
_9КН-П-18-2895
035 _a(NLR Aleph) 011742321
035 _a(RuMoRGB)009650204
090 _a11583935
_c11583935
100 _a20180703d2018 a y0rusy50 ca
101 1 _arus
_ceng
102 _aRU
105 _aac||zzzz||1ay
200 1 _aРомео и Джульетта
_eтрагедия
_fВильям Шекспир
_gперевод с английского Бориса Пастернака
_gхудожник Дементий Шмаринов
210 _aСанкт-Петербург
_cРечь
_d2018
_aМосква
215 _a253, [2] с.
_cпортр., цв. ил.
_d17 см
225 1 _aМалая Классика Речи
320 _aБиблиогр. в подстроч. примеч.
333 _a12+
686 _aШ5(4Вл)43-661
_2rubbk
686 _aШ5(2=Р)73-657Пастернак Б.Л.
_2rubbk
686 1 _aШ6(4Вл)437-61{Лх1293-215}
700 1 _aШекспир
_bУ.
_f1564-1616
_gУильям
702 1 _aШмаринов
_bД. А.
_cхудожник-график
_f1907-1999
_gДементий Алексеевич
_4040
702 1 _aПастернак
_bБ. Л.
_f1890-1960
_gБорис Леонидович
_4730
942 _cBOOK
980 _aNBR
980 _aNB